000 00364nam a22001097a 4500
082 _a080/KAR
100 _aकारनेगी ,डेल
_981643
245 _aआप भी लीडर बन सकते है
260 _aभोपाल
_bमंजुल पब्लिकैशन
_c2018
650 _aसामान्य वर्ग
942 _cHIN
999 _c67531
_d67531